LIBRARY & INFORMATION CENTRE, KCAET, TAVANUR

ONLINE PUBLIC ACCESS CATALOGUE (OPAC)

Probability and statistics in engineering / (Record no. 15471)

MARC details
000 -LEADER
fixed length control field 01468cam a2200205 a 4500
003 - CONTROL NUMBER IDENTIFIER
control field OSt
008 - FIXED-LENGTH DATA ELEMENTS--GENERAL INFORMATION
fixed length control field 220204b ||||| |||| 00| 0 eng d
020 ## - INTERNATIONAL STANDARD BOOK NUMBER
ISBN 0471240877 (cloth : acidfree paper)
082 00 - DEWEY DECIMAL CLASSIFICATION NUMBER
Classification number 519.2
Item number HIN/PR
245 00 - TITLE STATEMENT
Title Probability and statistics in engineering /
250 ## - EDITION STATEMENT
Edition statement 4th ed.
260 ## - PUBLICATION, DISTRIBUTION, ETC. (IMPRINT)
Place of publication Hoboken, NJ :
Name of publisher Wiley,
Year of publication c2003.
300 ## - PHYSICAL DESCRIPTION
Number of Pages xii, 655 p. :
Other physical details ill. ;
500 ## - GENERAL NOTE
General note Rev. ed. of: Probability and statistics in engineering and management science / William W. Hines, Douglas C. Montgomery.
505 ## - FORMATTED CONTENTS NOTE
Formatted contents note 1. An Introduction to Probability -- 2. One-Dimensional Random Variables -- 3. Functions of One Random Variable and Expectation -- 4. Joint Probability Distributions -- 5. Some Important Discrete Distributions -- 6. Some Important Continuous Distributions -- 7. The Normal Distribution -- 8. Introduction to Statistics and Data Description -- 9. Random Samples and Sampling Distributions -- 10. Parameter Estimation -- 11. Tests of Hypotheses -- 12. Design and Analysis of Single-Factor Experiments: The Analysis of Variance -- 13. Design of Experiments with Several Factors -- 14. Simple Linear Regression and Correlation -- 15. Multiple Regression -- 16. Nonparametric Statistics -- 17. Statistical Quality Control and Reliability Engineering -- 18. Stochastic Processes and Queueing -- 19. Computer Simulation.
650 #0 - SUBJECT ADDED ENTRY--TOPICAL TERM
Topical Term Engineering
700 1# - ADDED ENTRY--PERSONAL NAME
Personal name Hines, William W.
700 1# - ADDED ENTRY--PERSONAL NAME
Personal name Hines, William W.
942 ## - ADDED ENTRY ELEMENTS (KOHA)
Koha item type Books
Holdings
Withdrawn status Lost status Damaged status Home library Current library Shelving location Date acquired Cost, normal purchase price Full call number Accession Number Koha item type
      KAUAET KAUAET General Stacks 03/07/2018 729.00 519.2 HIN/PR 25690 Books
      KAUAET KAUAET   23/07/2019 729.00 519.2 HIN/PR 25691 Books
free website counter